| 000 | 00552nam a2200181Ia 4500 | ||
|---|---|---|---|
| 008 | 240729s9999 xx 000 0 und d | ||
| 022 | _a1947-2579 | ||
| 245 | 0 | _aOnline Journal of Public Health Informatics | |
| 260 | _aCanada | ||
| 260 | _bJMIR Publications | ||
| 650 | _a Computer applications to medicine. Medical informatics | ||
| 650 | _a Medicine (General) | ||
| 650 | _a Public aspects of medicine | Medicine | ||
| 650 | _aMedicine | ||
| 856 | _uhttps://doaj.org/toc/341b81ef18c142ff80607ae2bd95d1b7 | ||
| 942 | _2ddc | ||
| 942 | _cDOAJEJ | ||
| 999 |
_c67324 _d67324 |
||
| 945 |
_a1 _bMadushi Gamage _c1 _dMadushi Gamage |
||